000
00312nam a22001337a 4500
008
181019b xxu||||| |||| 00| 0 eng d
020
_a
9780673994400
041
_a
eng
080
_2
3rd
_a
311
100
_a
55
101
_a
STA
245
_a
Statistical Concepts a Basic Program
_c
Brown,F.Ll
942
_2
udc
_c
BK
999
_c
50207
_d
50207